000 02002cam a22003255a 4500
001 016536606
003 EG-ScBUE
005 20220814105119.0
008 130826s2014 enka f 001 0 eng d
020 _a9780415522649 (pbk.)
020 _z0415522641 (pbk.)
040 _aStDuBDS
_beng
_erda
_cStDuBDS
_dUk
_dEG-ScBUE
082 0 4 _222
_a720
_bBOR
100 1 _aBorden, Gail Peter,
_eauthor.
_940824
245 1 0 _aProcess :
_bmaterial and representation in architecture /
_cGail Peter Borden.
264 1 _aOxford ;
_aNew York, NY :
_bRoutledge / Taylor & Francis Group,
_c2014.
300 _a287 pages :
_billustrations (some color) ;
_c29 cm
336 _2rdacontent
_atext
_btxt
337 _2rdamedia
_aunmediated
_bn
338 _2rdacarrier
_avolume
_bnc
500 _aIncludes index.
505 _aLogic, point: Unit : UK Pavilion, Shanghai Expo / Heatherwick Studio -- Aggregation : Tongxian Art Gatehouse / Office dA -- Module : Maison Tropicale / Jean Prouve -- Network : de Young Museum / Herzog and de Meuron -- Logic, line: Stick/member : Jean Marie Tjibou Cultural Center / RPBW -- Grid : Falk House/House II / Peter Eisenman -- Frame/cage : US Pavilion at Expo 67 / Buckminster Fuller -- Field effect : Kimbell Art Museum / Louis I. Kahn -- Logic, surface: Wall : Barcelona Pavilion / Mies van der Rohe -- Facet : Tel Aviv Museum of Art / Preston Scott Cohen -- Shell : Los Manantiales Restaurant / Felix Candella -- Serial : Yokohama International Port Terminal / FOA -- Logic, mass: Cast/solid : Pantheon -- Void : Très Grand Bibliotheque / Rem Koolhaas, OMA -- Inversion : Brother Claus Field Chapel / Peter Zumthor -- Series : Monument to the Murdered Jews / Peter Eisenman.
590 _aWessam
650 7 _aArchitectural design
_vCase studies.
_2BUEsh
_913287
650 7 _aArchitecture
_xComposition, proportion, etc.
_vCase studies.
_2BUEsh
_941656
651 _2BUEsh
653 _bENGARC
_cNovember2016
655 _vReading book
_934232
942 _2ddc
_e22
_k720 BOR
_cBB
999 _c23015
_d22987